000 00971cam a22003014a 4500
001 15849506
005 20180827034232.0
008 090803s2010 cau b 001 0 eng
010 _a 2009031936
015 _aGBA990923
_2bnb
016 7 _a101512235
_2DNLM
016 7 _a015371208
_2Uk
020 _a9780470457962 (cloth)
020 _a0470457961 (cloth)
035 _a(OCoLC)ocn429588900
040 _aDNLM/DLC
_cDLC
_dBTCTA
_dNLM
_dC#P
_dUBY
_dUKM
_dCDX
_dDLC
041 _aeng
042 _apcc
080 _a610.73076
082 0 0 _a610.73076
_222
100 _a2
101 _aINF
245 0 0 _aEducating nurses :
_cPatricia Benner ... [et al.] ; foreword by Lee S. Shulman.
504 _aIncludes bibliographical references and index.
906 _a7
_bcbc
_corignew
_d1
_eecip
_f20
_gy-gencatlg
942 _2ddc
_cBK
999 _c47327
_d47327